7 Deadly Sins - Statistics

General Stats
  • This quiz has been taken 4 times
  • The average score is 6 of 7
Answer Stats
Answer % Correct
Envy
100%
Gluttony
100%
Greed
100%
Lust
100%
Sloth
100%
Pride
75%
Wrath
25%
No matching quizzes found
Score Distribution
Percent of People with Each Score
Percentile by Number Answered
Your Score History
You have not taken this quiz